<?xml version="1.0" encoding="UTF-8"?>
<record
    xmlns:xsi="http://www.w3.org/2001/XMLSchema-instance"
    xsi:schemaLocation="http://www.loc.gov/MARC21/slim http://www.loc.gov/standards/marcxml/schema/MARC21slim.xsd"
    xmlns="http://www.loc.gov/MARC21/slim">

  <leader>00497nam a22001337a 4500</leader>
  <datafield tag="999" ind1=" " ind2=" ">
    <subfield code="c">122350</subfield>
    <subfield code="d">122350</subfield>
  </datafield>
  <controlfield tag="005">20210524111229.0</controlfield>
  <controlfield tag="008">210524b           ||||| |||| 00| 0 eng d</controlfield>
  <datafield tag="040" ind1=" " ind2=" ">
    <subfield code="c">PK-LaUMT</subfield>
  </datafield>
  <datafield tag="082" ind1=" " ind2=" ">
    <subfield code="a">RHC 320.9549105</subfield>
    <subfield code="b">TAH-</subfield>
  </datafield>
  <datafield tag="245" ind1=" " ind2=" ">
    <subfield code="a">Tahreekat-i-Milli =   &#x62A;&#x62D;&#x631;&#x6CC;&#x6A9;&#x627;&#x62A; &#x645;&#x644;&#x6CC; (&#x645;&#x62C;&#x644;&#x6C1; &#x639;&#x644;&#x645; &#x648; &#x622;&#x6AF;&#x6C1;&#x6CC;) /</subfield>
    <subfield code="c">compiled by Abu Salman Shahjehanpuri = &#x645;&#x631;&#x62A;&#x628;&#x6C1; &#x627;&#x628;&#x648;&#x633;&#x644;&#x645;&#x627;&#x646; &#x634;&#x627;&#x6C1;&#x62C;&#x6C1;&#x627;&#x646; &#x67E;&#x648;&#x631;&#x6CC;</subfield>
  </datafield>
  <datafield tag="260" ind1=" " ind2=" ">
    <subfield code="a">Karachi :</subfield>
    <subfield code="b">Government National College Karachi,</subfield>
    <subfield code="c">1983</subfield>
  </datafield>
  <datafield tag="300" ind1=" " ind2=" ">
    <subfield code="a">455 p</subfield>
  </datafield>
  <datafield tag="942" ind1=" " ind2=" ">
    <subfield code="c">BK</subfield>
  </datafield>
  <datafield tag="952" ind1=" " ind2=" ">
    <subfield code="0">0</subfield>
    <subfield code="1">0</subfield>
    <subfield code="4">0</subfield>
    <subfield code="7">0</subfield>
    <subfield code="a">01</subfield>
    <subfield code="b">01</subfield>
    <subfield code="d">2021-05-24</subfield>
    <subfield code="l">0</subfield>
    <subfield code="o">RHC 320.9549105 TAH-</subfield>
    <subfield code="p">136804</subfield>
    <subfield code="r">2021-05-24 00:00:00</subfield>
    <subfield code="w">2021-05-24</subfield>
    <subfield code="y">BK</subfield>
  </datafield>
</record>
